| 000 | 00756nam a2200241 i 4500 | ||
|---|---|---|---|
| 001 | 85470 | ||
| 003 | ES-MaACL | ||
| 005 | 20231229062525.0 | ||
| 007 | t| | ||
| 008 | 041129s1983 sp ||||1| spa d | ||
| 020 | _a84-265-5338-9 | ||
| 080 | _a1 Ortega y Gasset, José | ||
| 100 | 1 |
_aJuanola Soler, Narciso. _967154 |
|
| 245 | 1 | 3 |
_aEl tema de nuestro tiempo e historia como sistema / _cNarciso Juanola Soler. |
| 260 |
_aMadrid : _bMagisterio Español, _c[1983] |
||
| 300 |
_a180 p. ; _c19 cm. |
||
| 490 | 1 |
_aCrítica filosófica ; _v39 |
|
| 504 | _aBibliografía: p. [175]-178. | ||
| 600 | 1 | 4 |
_aOrtega y Gasset, José, _d1883-1955 _987503 |
| 830 | 1 |
_aCrítica filosófica ; _v39 _9181774 |
|
| 852 |
_aES-MaACL _jL-5738 |
||
| 999 |
_c85470 _d85470 |
||